Datum a čas kvízu
37
Celkem bodů
Celkový počet nahraných bodů na tomto kvízu bez doplňovacích otázek.
1.
Pořadí na kvízu
Konečné umístění týmu na tomto kvízu.
Zaznamenané odpovědi
| # | Otázka | Odpověď | Body | Výsledky |
|---|---|---|---|---|
| 1. | Minulý týden ve čtvrtek dorazi... | FBI | 0 | |
| 2. | Jistý stát zažil minulý týden... | Čína | 0 | |
| 3. | Brněnská zoo má první letošní... | vlk (hřivnatý) | 1 | |
| 4. | Japonští vědci minulý týden oz... | ze dřeva | 1 | |
| 5. | Jeden teprve osmnáctiletý česk... | Jakub Menšík, Katar | 1 | |
| 6. | Součástí televizního programu... | Hodina pravdy | 1 | |
| 7. | Která veřejně známá osobnost z... | Ladislav Zibura | 1 | |
| 8. | Mezi lety 1996 až 2006 vysílal... | Videostop | 1 | |
| 9. | V dnešní době je velmi populár... | 1B 2C 3D 4A | 1 | |
| 10. | Kdo z uvedených nikdy nemodero... | D | 1 |